000 00475nam a2200169 i 4500
001 65583
003 ES-MaACL
005 20230906165424.0
007 t|
008 040116s1971 sp ||||1| spa d
100 1 _aFries, Heinrich.
_952661
245 1 3 _aUn reto a la fé /
_cHeinrich Fries ; [tradujo José Alcaraz].
260 _aSalamanca :
_bSígueme,
_c1971.
300 _a246 p. ;
_c19 cm.
700 1 _aAlcaraz, José.
_919510
852 _aES-MaACL
_jC-45294
_bR.78724
999 _c65583
_d65583